First Countries to Reach 1 Million People - Statistics

General Stats
  • This quiz has been taken 52 times
  • The average score is 17 of 21
Answer Stats
Est. Year Country % Correct
7000 B.C.E. China
100%
6400 B.C.E. India
100%
3500 B.C.E. Iran
91%
2000 B.C.E. Italy
91%
2000 B.C.E. Spain
91%
3000 B.C.E. Egypt
89%
2000 B.C.E. France
89%
1100 B.C.E. Russia
89%
4200 B.C.E. Turkey
89%
1200 B.C.E. Iraq
87%
2100 B.C.E. Pakistan
87%
1000 B.C.E. Greece
85%
2300 B.C.E. Bangladesh
79%
9000 B.C.E. Mexico
74%
2200 B.C.E. Peru
70%
1100 B.C.E. Syria
70%
1500 B.C.E. Indonesia
68%
1300 B.C.E. Algeria
64%
6800 B.C.E. Brazil
64%
1000 B.C.E. Afghanistan
60%
1200 B.C.E. Sudan
55%
No matching quizzes found
Score Distribution
Percent of People with Each Score
Percentile by Number Answered
Your Score History
You have not taken this quiz